| 000 | 00475nam a2200169 a 4500 | ||
|---|---|---|---|
| 001 | 1107 | ||
| 005 | 20140414131956.0 | ||
| 008 | 041020s19uu xx 00 eng d | ||
| 020 | _a0-673-42061-2 | ||
| 050 |
_aTR 372.3 _bC66 1989 |
||
| 100 | _aCohen, Michael R. | ||
| 245 |
_aDiscover science / _cby Dr. Michael R. Cohen. |
||
| 260 |
_aGlenview, Illinois : _bScott, Foresman, _c1989. |
||
| 300 | _a244 p. ; cm. | ||
| 650 |
_aScience _xStudy and teaching. |
||
| 999 |
_c112924 _d112924 |
||